| 000 | 00942nam a22001817a 4500 | ||
|---|---|---|---|
| 005 | 20250318160107.0 | ||
| 010 | _aHIN-129534 | ||
| 020 |
_a9789381989418 _c250.00 |
||
| 035 | _aHN-101880 | ||
| 037 | _bDBAD | ||
| 082 | _aउ | ||
| 245 |
_aचैत की दोपहर में / _cयोगेन्द्र चौधरी _bज्ञानपीठ पुरुस्कार से सम्मानित साहित्यकार, आशापूर्णा देवी |
||
| 260 |
_aनई दिल्ली _bसजल पब्लिशर्स एंड डिस्ट्रीब्यूटर्स _c2021 |
||
| 270 |
_a500/3-L, गली नं. 2, विश्वास नगर, शाहदरा, _bदिल्ली _e110032 |
||
| 300 |
_a88पृ. _c22 सेमी (सजिल्द ) |
||
| 700 |
_aयोगेन्द्र चौधरी _979747 |
||
| 942 |
_2ddc _cHN _hउ _mचैतकी |
||
| 999 |
_c210371 _d210371 |
||